Uttar brajangana kavya Uttar birangana kavya (Record no. 443023)

MARC details
000 -LEADER
fixed length control field 00553nam a2200193Ia 4500
003 - CONTROL NUMBER IDENTIFIER
control field OSt
005 - DATE AND TIME OF LATEST TRANSACTION
control field 20251223112948.0
008 - FIXED-LENGTH DATA ELEMENTS--GENERAL INFORMATION
fixed length control field 220923b |||||||| |||| 00| 0 ben d
037 ## - SOURCE OF ACQUISITION
Terms of availability TB
040 ## - CATALOGING SOURCE
Original cataloging agency ARTS
Transcribing agency ARTS
Language of cataloging ben
041 ## - LANGUAGE CODE
Source of code ben
Language code of text/sound track or separate title ben
084 ## - COLON CLASSIFICATION NUMBER
Classification number O157,1NMA3x M9
Assigning agency AL
100 ## - MAIN ENTRY--PERSONAL NAME
Personal name Majumdar Jogindranath
9 (RLIN) 211030
245 #0 - TITLE STATEMENT
Title Uttar brajangana kavya Uttar birangana kavya
260 ## - PUBLICATION, DISTRIBUTION, ETC.
Date of publication, distribution, etc. 1989
650 ## - SUBJECT ADDED ENTRY--TOPICAL TERM
Topical term or geographic name entry element BENGALI LITERATURE
9 (RLIN) 858921
942 ## - ADDED ENTRY ELEMENTS (KOHA)
Classification part O157,1NMA3x, M9
Koha item type Textbook
Source of classification or shelving scheme Colon Classification (CC)
Suppress in OPAC No
Holdings
Withdrawn status Lost status Source of classification or shelving scheme Damaged status Not for loan Home library Current library Date acquired Cost, normal purchase price Total Checkouts Full call number Barcode Date last seen Cost, replacement price Price effective from Koha item type
    Colon Classification (CC)     Arts Library Arts Library 2022-09-24 25.00   O157,1NMA3x M9 AL1054475 2022-09-24 25.00 2022-09-24 Textbook
Copyright @ Delhi University Library System